| 000 | 00759cam a2200241Ia 4500 | ||
|---|---|---|---|
| 020 | _a9789251059135 | ||
| 020 | _a9251059136 | ||
| 040 | _cBTCTA | ||
| 082 | _a344 FOO 2009 A015 Or. | ||
| 110 | 2 | _aJoint FAO/WHO Codex Alimentarius Commission. | |
| 245 | 1 | 0 | _aCodex alimentarius. |
| 246 | 3 | 0 | _aFood hygiene, basic texts |
| 250 | _a4th ed. | ||
| 260 |
_aRome : _bWorld Health Organization : _bFood and Agriculture Organization of the United Nations, _c2009. |
||
| 300 | _a125 p. | ||
| 650 | 0 | _aFood law and legislation. | |
| 650 | 0 | _aFood | |
| 650 | 0 | _aFood handling | |
| 710 | 2 | _aJoint FAO/WHO Food Standards Programme. | |
| 710 | 2 | _aFood and Agriculture Organization of the United Nations. | |
| 710 | 2 | _aWorld Health Organization. | |
| 942 | _cEK | ||
| 999 |
_c11568 _d11568 |
||